| 000 | 00000nas 2200000zi 4500 |
| 001 | 9.915285 |
| 003 | CaOODSP |
| 005 | 20240604162234 |
| 006 | m o d f |
| 007 | cr ||||||||||| |
| 008 | 220909d19941995quc x m o f0###|0eng|d |
| 040 | |aCaOODSP|beng|erda|cCaOODSP |
| 043 | |an-cn-qu |
| 086 | 1 |aEn153-115E-PDF |
| 130 | 0 |aTechnical note, Quebec Region. |
| 245 | 10|aTechnical note, Quebec Region. |
| 264 | 1|a[Saint-Laurent, Québec] : |bEnvironment Canada, Quebec Region, |c[1994?-1995?] |
| 310 | |aIrregular |
| 336 | |atext|btxt|2rdacontent |
| 337 | |acomputer|bc|2rdamedia |
| 338 | |aonline resource|bcr|2rdacarrier |
| 500 | |aIssued also in French under title: Note technique, Région du Québec. |
| 588 | |aDescription based on: no. 97N-001. |
| 650 | 0|aSevere storms|zQuébec (Province)|vObservations. |
| 710 | 1 |aCanada. |bEnvironment Canada. |bQuebec Region, |eissuing body. |
| 775 | 08|tNote technique, région du Québec.|w(CaOODSP)9.913214 |